TDS Solar Eclipse Enemies - Statistics

General Stats
  • This quiz has been taken 2 times
  • The average score is 3 of 34
Answer Stats
Hint Answer % Correct
1000000 The Umbra
100%
60 Bones
50%
16000 Lunar Shield
50%
40 Mummy
50%
25 Undead
50%
100 Bat
0%
75 Clanker
0%
500 Cobalt Guard
0%
2400 Cursed Guard
0%
3000 Cursed Horse
0%
500 Cursed Knight
0%
80 Dust
0%
3000 Ent
0%
800 Flare
0%
100 Ghost
0%
500 Ghost Knight
0%
9999 Headless Jaxe
0%
5000 Jaxe
0%
80 Knight
0%
60000 Lunar Servant
0%
200 Lunar Shard
0%
600 Mega Clanker
0%
90 Overgrowth
0%
120000 Penumbras
0%
70 Pike
0%
85 Scarecrow
0%
35 Shroogma
0%
80000 Solar Servant
0%
550 Solar Shard
0%
65000 Swamp Monster
0%
250 Vampire
0%
4000 Werewolf
0%
150 Wraith
0%
750 Zombie Horse
0%
No matching quizzes found
Score Distribution
Percent of People with Each Score
Percentile by Number Answered
Your Score History
You have not taken this quiz